000 00554nam a2200217Ia 4500
005 20251020182515.0
008 200515s9999 xx 000 0 und d
020 _a968-38-0324-5
082 _a658.56/K38
100 _aKelly, Michael R.
245 0 _aManual de solución de problemas : para el mejoramiento de la calidad
260 _aMéxico, D.F.
260 _bPanorama Editorial
260 _c1992
300 _btbls.
500 _a1 ejemplar
650 _aCALIDAD TOTAL
650 _aMATRIZ DE PROBLEMAS
942 _cLIB
999 _c1558
_d1558